000 00556nam a2200157 i 4500
001 33518
003 ES-MaACL
007 t|
008 030202s1936 sp ||||1| spa d
100 1 _aBigger, José W.
_928835
245 1 0 _aManual de bacteriología para estudiantes y médicos /
_cpor José W. Bigger ; traducido directamente del inglés por Emilio Zapatero Ballesteros.
260 _aBarcelona :
_b[s.n.,
_c1936] (
_fLa Neotipia)
300 _a474 p. ;
_c21 cm.
700 1 _aZapatero Ballesteros, Emilio.
_9118010
852 _aES-MaACL
_jE-465
_bR.18056
999 _c33518
_d33518